Statistics for Countries Bordering Unknown Sea #3

Click here to take the quiz!

General Stats

  • This quiz has been taken 439 times
  • The average score is 7 of 8

Answer Stats

Country% Correct
OOman
98%
YYemen
98%
IIran
95%
IIndia
94%
PPakistan
94%
SSomalia
78%
MMaldives
77%
Arabian Sea
72%

Score Distribution

Percentile by Number Answered

Percent of People with Each Score

Your Score History

You have not taken this quiz